POKEMON ADVENTURES-V0L-10 (Record no. 12374)

MARC details
000 -LEADER
fixed length control field 00265nam a22000977a 4500
008 - FIXED-LENGTH DATA ELEMENTS--GENERAL INFORMATION
fixed length control field 230714b |||||||| |||| 00| 0 eng d
020 ## - INTERNATIONAL STANDARD BOOK NUMBER
International Standard Book Number 9781421530635
100 ## - MAIN ENTRY--PERSONAL NAME
Personal name KUSAKA HIDENORI
9 (RLIN) 7698
245 ## - TITLE STATEMENT
Title POKEMON ADVENTURES-V0L-10
260 ## - PUBLICATION, DISTRIBUTION, ETC. (IMPRINT)
Place of publication, distribution, etc. SAN FRANCISCO
Name of publisher, distributor, etc. VIZ MEDIA
Date of publication, distribution, etc. 2022
Holdings
Withdrawn status Lost status Source of classification or shelving scheme Damaged status Koha normalized classification for sorting Not for loan Home library Current library Shelving location Date acquired Total Checkouts Full call number Barcode Date last seen Date last checked out Price effective from Koha item type
    Dewey Decimal Classification   KUS_741_590000000000000   Good Samaritan School Library Good Samaritan School Library FICTION 07/14/2023 13 KUS741.59 KUS17694 09/03/2025 08/29/2025 07/14/2023 BOOK

Powered by Koha